header

Dairy sheep nutrition (Record no. 140587)

MARC details
000 -LEADER
fixed length control field 02338nam a22003974a 4500
082 04 - DEWEY DECIMAL CLASSIFICATION NUMBER
Classification number 636.3/08/5
245 10 - TITLE STATEMENT
Title Dairy sheep nutrition
260 ## - PUBLICATION, DISTRIBUTION, ETC. (IMPRINT)
Place of publication Oxfordshire, OX, UK ;
-- Cambridge, MA, USA :
Name of publisher CABI Pub.,
Year of publication c2004.
300 ## - PHYSICAL DESCRIPTION
Number of Pages xii, 222 p. :
Other physical details ill.
505 0# - FORMATTED CONTENTS NOTE
Formatted contents note Milk production / Giuseppe Pulina and Anna Nudda -- Mathematical modelling of milk production patterns in dairy sheep / Aldo Cappio-Borlino, Nicol?o P.P. Macciotta, and Giuseppe Pulina -- Energy and protein requirements / Antonello Cannas -- Dietary intake of vitamins and minerals, and water requirements / Giovanni Annicchiarico and Luigi Taibi -- Feed intake / Marcella Avondo and Lucio Lutri -- Feeding of lactating ewes / Antonello Cannas -- Nutrition and reproduction / Salvatore Pier Giacomo Rassu ... [et al.] -- Nutrition and milk quality / Anna Nudda ... [et al.] -- Feeding dairy lambs / Paolo Brandano, Salvatore Pier Giacomo Rassu and Alfio Lanza -- Digestive disturbances and metabolic-nutritional disorders / Massimo Morgante -- Grazing management and stocking rate with particular reference to the Mediterranean environments / Giovanni Molle .. [et al.].
650 #0 - SUBJECT ADDED ENTRY--TOPICAL TERM
Topical Term Ewes
Topical Term Ewes
Topical Term Sheep milk.
Topical Term Sheep
Topical Term Sheep
700 1# - ADDED ENTRY--PERSONAL NAME
Personal name Bencini, Roberta.
Personal name Pulina, Giuseppe.
856 40 - ELECTRONIC LOCATION AND ACCESS
Uniform Resource Identifier http://site.ebrary.com/lib/rucke/Doc?id=10178017

No items available.

© 2026 Rongo University
Contact us: librarian | system librarian | Rongo university